000 00259 a2200109 4500
000 nam a22 7a 4500
005 20260306132444.0
020 _a9788193975008
245 _aCompetition Success Review Yearbook 2025
260 _bCSR
_c2025
942 _cTEXL
999 _c1688508
_d1688508